Una visión de la América del XVIII: correspondencia de emigrantes guipuzcoanos y navarros

Wedi'i Gadw mewn:
Manylion Llyfryddiaeth
Prif Awdur: Usunáriz, Jesús Ma (Awdur)
Fformat: Llyfr
Iaith:Sbaeneg
Cyhoeddwyd: Madrid, España MAPFRE 1992
Cyfres:Colección relaciones entre España y América, 21
Pynciau:
Tagiau: Ychwanegu Tag
Dim Tagiau, Byddwch y cyntaf i dagio'r cofnod hwn!

MARC

LEADER 00000nam a2200000 a 4500
001 UCX6884
003 CL-VaPUC
005 20211028074415.0
008 930827e19920000SP |||||||||||||||||spa|d
999 |c 226825  |d 226823 
040 |c Pontificia Universidad Católica de Valparaíso 
082 0 4 |a 980 USU 1992  |2 21 
100 0 |a Usunáriz, Jesús Ma  |e author  |9 323546 
245 1 4 |a Una visión de la América del XVIII:  |b  correspondencia de emigrantes guipuzcoanos y navarros 
260 |a Madrid, España  |b MAPFRE  |c 1992 
300 |a 487 páginas 
490 0 |a Colección relaciones entre España y América,  |v  21 
583 |a last modification  |c 20180123 05:38:53  |k Rodrigo Vera 
650 7 |a CARTAS ESPAÑOLAS  |2 CL-VaPUC  |9 258227 
650 7 |a HISTORIA DE ESPAÑA  |2 CL-VaPUC  |9 322090  |y SIGLO 18  |z AMERICA 
650 0 |a Fuentes de la historia  |z ESPAÑA  |z AMERICA  |9 323547 
650 0 |a Emigración e inmigración  |z ESPAÑA  |z AMERICA  |9 257711 
852 |a BIBCUR 
942 |c BK  |2 ddc 
945 |d 19930827 00:00:00 
952 |0 0  |1 0  |2 ddc  |4 0  |6 980_000000000000000_USU_1992  |7 0  |8 A  |9 225441  |a BIBHIS  |b BIBHIS  |d 2019-11-15  |i 2941384  |o 980 USU 1992  |p 2941384  |r 2025-01-20  |t 1  |w 2019-11-15  |y BK  |k HIS